[Event "4NCL Online Division 4"]
[Site "online"]
[Date "2021.04.20"]
[EventDate "2021.04.20"]
[Round "7.123"]
[White "Green, George D A"]
[WhiteElo "1797"]
[WhiteTeam "Crowthorne 1"]
[Black "He, Tom Junde"]
[BlackElo "1406"]
[BlackTeam "Warwickshire Bears B"]
[Result "0-1"]
[PlyCount "98"]

1. Nf3 d5 2. g3 b6 3. Bg2 Bb7 4. O-O Nf6 5. c4 e6 6. d4 Bd6 7. Nc3 O-O 8. b3 c6 9. Bb2 Nbd7 10. Rc1 Rc8 11. Qd3 Qe7 12. Rfe1 c5 13. cxd5 Nxd5 14. Nxd5 Bxd5 15. e4 Bb7 16. d5 e5 17. Nh4 g6 18. Rf1 Nb8 19. Bh3 Rc7 20. Qc3 f6 21. Ng2 Nd7 22. Rfe1 a6 23. Ne3 b5 24. Ng4 h5 25. Ne3 b4 26. Qd2 Rd8 27. Nc4 Nf8 28. Rf1 Kg7 29. f4 exf4 30. gxf4 Qxe4 31. Rce1 Qxd5 32. Qxd5 Bxd5 33. Nxd6 Rxd6 34. Rd1 Rcc6 35. a3 Bxb3 36. Rde1 Be6 37. Bg2 Rc7 38. axb4 cxb4 39. Rf2 Kf7 40. Rfe2 Bg4 41. Re3 Rd2 42. Ba1 Be6 43. Bf1 a5 44. Bd3 b3 45. Bd4 Rd7 46. Bc5 R2xd3 47. Bxf8 Rxe3 48. Rxe3 b2 49. Re1 Kxf8 0-1

[Event "4NCL Online Division 4"]
[Site "online"]
[Date "2021.04.20"]
[EventDate "2021.04.20"]
[Round "7.124"]
[White "Amir, Zain"]
[WhiteElo "1425"]
[WhiteTeam "Warwickshire Bears B"]
[Black "Love, James"]
[BlackElo "1652"]
[BlackTeam "Crowthorne 1"]
[Result "1-0"]
[PlyCount "33"]

1. c4 e5 2. Nc3 d6 3. g3 Be6 4. d3 Nc6 5. Bg2 Qd7 6. e3 O-O-O 7. a3 Be7 8. b4 f5 9. b5 Nb8 10. a4 Nf6 11. a5 a6 12. bxa6 Nxa6 13. Rb1 Nc5 14. d4 Nce4 15. Nxe4 fxe4 16. Qb3 exd4 17. Qxb7# 1-0

[Event "4NCL Online Division 4"]
[Site "online"]
[Date "2021.04.20"]
[EventDate "2021.04.20"]
[Round "7.131"]
[White "Jayawarna, Tarini"]
[WhiteElo "1709"]
[WhiteTeam "Manchester Juniors B"]
[Black "Dasgupta, Avyukt"]
[BlackElo "1664"]
[BlackTeam "Watford Juniors A"]
[Result "1/2-1/2"]
[PlyCount "140"]

1. e4 e6 2. d4 d5 3. Nd2 dxe4 4. Nxe4 Nd7 5. Nf3 Ngf6 6. Nc3 c5 7. Bc4 Nb6 8. Be2 Bd7 9. O-O cxd4 10. Nxd4 Bb4 11. Bd2 Qe7 12. a3 Bd6 13. Re1 O-O 14. Bf3 Nfd5 15. Nxd5 Qh4 16. g3 Qxd4 17. Nxb6 Qxb6 18. Bc3 Rfd8 19. Qe2 Bc6 20. Rad1 Rac8 21. Rd4 Bxf3 22. Qxf3 Qc6 23. Qxc6 Rxc6 24. Red1 Kf8 25. Kg2 Ke7 26. R4d3 f6 27. Kf3 e5 28. Bb4 f5 29. Rd5 Ke6 30. c4 b6 31. a4 g5 32. Ba3 e4+ 33. Ke2 Rd7 34. b4 Rdc7 35. b5 Bxa3 36. bxc6 Rxc6 37. R5d4 Bd6 38. Rd5 h6 39. a5 bxa5 40. Rxa5 Rxc4 41. Rxa7 Rc7 42. Ra6 Rd7 43. Rb1 h5 44. Rb8 Rh7 45. Rd8 Rd7 46. Rh8 Ke5 47. Rxh5 Be7 48. Rhh6 g4 49. Ra5+ Rd5 50. Raa6 Rd6 51. Raxd6 Bxd6 52. h4 gxh3 53. Rxh3 Bc5 54. Rh5 Kf6 55. f3 exf3+ 56. Kxf3 Bd6 57. g4 fxg4+ 58. Kxg4 Ke6 59. Kg5 Kd7 60. Rh1 Kc7 61. Rb1 Bc5 62. Kf5 Bb6 63. Ke5 Kb7 64. Kd5 Ka7 65. Ra1+ Kb8 66. Kd6 Ba7 67. Ra6 Ka8 68. Kc6 Kb8 69. Ra5 Ka8 70. Rh5 Bb8 1/2-1/2

[Event "4NCL Online Division 4"]
[Site "online"]
[Date "2021.04.20"]
[EventDate "2021.04.20"]
[Round "7.132"]
[White "Demjan, Denisz"]
[WhiteElo "1286"]
[WhiteTeam "Watford Juniors A"]
[Black "Benhamida, Aisha"]
[BlackElo "1648"]
[BlackTeam "Manchester Juniors B"]
[Result "0-1"]
[PlyCount "142"]

1. e4 c5 2. d3 d6 3. Nf3 Nc6 4. Be2 Nf6 5. O-O e6 6. Bd2 Be7 7. c4 O-O 8. b3 a6 9. Nc3 Rb8 10. Rb1 b5 11. cxb5 axb5 12. Qc2 Bd7 13. Bg5 h6 14. Bh4 Qa5 15. h3 Rfe8 16. Bg3 e5 17. a4 b4 18. Na2 Rec8 19. Nd2 Be6 20. Nc4 Bxc4 21. Qxc4 Nd4 22. Rfe1 Rc7 23. f4 exf4 24. Bxf4 Nd7 25. Bh5 Rf8 26. Qc1 Nf6 27. Be2 Rcc8 28. Be3 Ne6 29. Qd2 Rfd8 30. Bf3 Rb8 31. Nc1 Nd7 32. Ne2 Ne5 33. Rf1 Ng5 34. Bxg5 Bxg5 35. Qd1 Nxf3+ 36. Rxf3 d5 37. exd5 Rxd5 38. Qf1 Qc7 39. Rd1 Rbd8 40. Ng3 Qe7 41. Ne4 Qxe4 42. Rxf7 Rxd3 43. Rxd3 Qxd3 44. Rf8+ Kh7 45. Rxd8 Qxf1+ 46. Kxf1 Bxd8 47. Ke2 Kg6 48. Kd3 Kf5 49. Ke3 Ke5 50. Kd3 Kf4 51. Kc4 Bb6 52. Kb5 Ba7 53. a5 Kg3 54. Kc6 Kxg2 55. Kb7 c4 56. Kxa7 cxb3 57. a6 b2 58. Kb8 b1=Q 59. a7 Qa1 60. a8=Q+ Qxa8+ 61. Kxa8 b3 62. h4 b2 63. h5 b1=Q 64. Ka7 Kf3 65. Ka6 Ke4 66. Ka5 Kd4 67. Ka4 Kc3 68. Ka5 Qb4+ 69. Ka6 Kc4 70. Ka7 Kc5 71. Ka8 Kc6 0-1

[Event "4NCL Online Division 4"]
[Site "online"]
[Date "2021.04.20"]
[EventDate "2021.04.20"]
[Round "7.133"]
[White "Jayawarna, Thisumi"]
[WhiteElo "1626"]
[WhiteTeam "Manchester Juniors B"]
[Black "George, Seb"]
[BlackElo "1301"]
[BlackTeam "Watford Juniors A"]
[Result "1-0"]
[PlyCount "45"]

1. e4 Nf6 2. e5 Nd5 3. d4 e6 4. Nf3 c5 5. c3 cxd4 6. cxd4 Bb4+ 7. Bd2 Bxd2+ 8. Qxd2 Nc6 9. Bc4 Nb6 10. Bb3 f6 11. O-O fxe5 12. dxe5 O-O 13. Nc3 Na5 14. Bc2 Nac4 15. Qd3 Rf5 16. g4 Rxf3 17. Qxh7+ Kf8 18. Qh8+ Ke7 19. Qxg7+ Rf7 20. Qg5+ Ke8 21. Qg8+ Ke7 22. Qg5+ Kf8 23. Qxd8+ 1-0

[Event "4NCL Online Division 4"]
[Site "online"]
[Date "2021.04.20"]
[EventDate "2021.04.20"]
[Round "7.134"]
[White "Keerthi Kumar, Advait"]
[WhiteElo "1248"]
[WhiteTeam "Watford Juniors A"]
[Black "Benhamida, Mohammed"]
[BlackElo "1623"]
[BlackTeam "Manchester Juniors B"]
[Result "1-0"]
[PlyCount "59"]

1. e4 d6 2. d4 Nf6 3. Bd3 e5 4. d5 g6 5. c4 Bg7 6. Nc3 O-O 7. Nge2 Nbd7 8. b4 a5 9. b5 Nc5 10. O-O Ne8 11. Be3 Nxd3 12. Qxd3 b6 13. a4 f5 14. f3 f4 15. Bf2 Qg5 16. Kh1 h5 17. Rg1 h4 18. Qd2 Kf7 19. g3 hxg3 20. Bxg3 Qh5 21. Raf1 Rh8 22. Rf2 Bh6 23. Nxf4 exf4 24. Bxf4 Bxf4 25. Qxf4+ Kg7 26. Rg5 Qh4 27. Rxg6+ Kxg6 28. Rg2+ Kh5 29. Qf7+ Kh6 30. Qg6# 1-0

[Event "4NCL Online Division 4"]
[Site "online"]
[Date "2021.04.20"]
[EventDate "2021.04.20"]
[Round "7.141"]
[White "Bell, Alan D"]
[WhiteElo "1982"]
[WhiteTeam "Grangemouth Gambiteers"]
[Black "Rossiter, Alex"]
[BlackElo "1963"]
[BlackTeam "Bristol Cabot Blackbeards"]
[Result "1/2-1/2"]
[PlyCount "109"]

1. e4 e5 2. Nf3 Nc6 3. Nc3 Nf6 4. d4 exd4 5. Nxd4 Bb4 6. Nxc6 bxc6 7. Bd3 O-O 8. O-O d5 9. exd5 cxd5 10. Bg5 c6 11. Qf3 h6 12. Bxf6 Qxf6 13. Qxf6 gxf6 14. Ne2 Re8 15. Nd4 Bb7 16. c3 Bf8 17. b4 a5 18. a3 axb4 19. axb4 c5 20. bxc5 Bxc5 21. g3 Rxa1 22. Rxa1 Ra8 23. Rxa8+ Bxa8 24. Kf1 Bb7 25. Nf5 Kf8 26. Nxh6 Bb6 27. Nf5 Ba5 28. Nd6 Bc6 29. c4 dxc4 30. Nxc4 Bc7 31. Ke2 Kg7 32. h4 Bd7 33. Ne3 Ba5 34. g4 Bc3 35. Kf3 Be5 36. Be4 Bc7 37. Bd5 Ba5 38. Ng2 f5 39. g5 f6 40. Nf4 fxg5 41. hxg5 Bc3 42. Be6 Bxe6 43. Nxe6+ Kg6 44. Kg3 Be1 45. Nd4 f4+ 46. Kxf4 Bxf2 47. Nf3 Bc5 48. Ne5+ Kg7 49. Kf5 Bd4 50. Ng4 Bc3 51. Nf6 Bb2 52. Nh5+ Kf7 53. g6+ Kf8 54. g7+ Bxg7 55. Nxg7 1/2-1/2

[Event "4NCL Online Division 4"]
[Site "online"]
[Date "2021.04.20"]
[EventDate "2021.04.20"]
[Round "7.142"]
[White "Marston, Alastair"]
[WhiteElo "1766"]
[WhiteTeam "Bristol Cabot Blackbeards"]
[Black "McLay, John W"]
[BlackElo "1900"]
[BlackTeam "Grangemouth Gambiteers"]
[Result "0-1"]
[PlyCount "66"]

1. d4 Nf6 2. Bg5 e6 3. e4 Be7 4. e5 Nd5 5. Bd2 c5 6. c4 Nb6 7. Qg4 Kf8 8. Nf3 Nc6 9. Nc3 cxd4 10. Nb5 a6 11. Nbxd4 Qc7 12. Nxc6 dxc6 13. Ba5 c5 14. Rd1 Qc6 15. b3 Rb8 16. Bd3 Na8 17. Be4 Qe8 18. O-O b5 19. Rd2 Nb6 20. Rfd1 h5 21. Qf4 bxc4 22. bxc4 Bb7 23. Bxb6 Bxe4 24. Bc7 Bxf3 25. Qxf3 Rc8 26. Qb7 Kg8 27. Rd7 Kh7 28. Ba5 Rb8 29. Qxa6 Qxd7 30. g4 Qxd1+ 31. Be1 Qxe1+ 32. Kg2 Qe4+ 33. Kg3 Qxg4# 0-1

[Event "4NCL Online Division 4"]
[Site "online"]
[Date "2021.04.20"]
[EventDate "2021.04.20"]
[Round "7.144"]
[White "Saha, Soumil"]
[WhiteElo "1176"]
[WhiteTeam "Bristol Cabot Blackbeards"]
[Black "Will, Douglas"]
[BlackElo "1845"]
[BlackTeam "Grangemouth Gambiteers"]
[Result "0-1"]
[PlyCount "148"]

1. d4 Nf6 2. c4 g6 3. Nc3 Bg7 4. Nf3 O-O 5. e4 d6 6. Bd3 Nc6 7. d5 Nb4 8. Be3 Nxd3+ 9. Qxd3 c6 10. O-O Ng4 11. Bd4 e5 12. Be3 c5 13. Bg5 f6 14. Bd2 f5 15. h3 Nf6 16. Bg5 h6 17. Bxf6 Qxf6 18. Rfe1 f4 19. Nb5 Rf7 20. a4 g5 21. Nh2 a6 22. Nc3 f3 23. g4 h5 24. Re3 hxg4 25. hxg4 Bd7 26. Rxf3 Qg6 27. Ne2 Rxf3 28. Qxf3 Rf8 29. Qg2 Bf6 30. Ng3 Bd8 31. Nf5 Rf7 32. Qh3 Rh7 33. Qg2 Kf8 34. b3 Ba5 35. Rd1 Ke8 36. Rd3 Kd8 37. Rh3 Kc7 38. Nf3 Rxh3 39. Qxh3 b5 40. cxb5 axb5 41. axb5 Kb6 42. Qh5 Bxf5 43. exf5 Qg8 44. Qxg5 Qxd5 45. Nh2 Bd2 46. Qd8+ Kxb5 47. Qd7+ Kb4 48. f6 Kxb3 49. f7 Bh6 50. Qe8 c4 51. Qg8 Kb2 52. f8=Q Qd1+ 53. Kg2 Bxf8 54. Qxf8 c3 55. Qb8+ Ka2 56. g5 c2 57. Qa7+ Kb3 58. Qb6+ Kc3 59. Qc6+ Kb2 60. Qb5+ Kc1 61. g6 Qd4 62. g7 Qe4+ 63. f3 Qg6+ 64. Ng4 Qxg7 65. Qf1+ Kb2 66. Qb5+ Kc1 67. Kf2 Qa7+ 68. Ke2 Qd4 69. Ne3 Qd2+ 70. Kf1 Qxe3 71. Qa4 Kd2 72. Qa5+ Qc3 73. Qd5+ Qd3+ 74. Qxd3+ Kxd3 0-1

[Event "4NCL Online Division 4"]
[Site "online"]
[Date "2021.04.20"]
[EventDate "2021.04.20"]
[Round "7.151"]
[White "Granat, Russell G"]
[WhiteElo "2266"]
[WhiteTeam "Farnham A"]
[Black "Jaunooby, Ali R"]
[BlackElo "2244"]
[BlackTeam "Manchester Manticores 1"]
[Result "1-0"]
[PlyCount "127"]

1. e4 g6 2. h4 h5 3. d4 Bg7 4. Nf3 d6 5. c3 Nf6 6. Ng5 O-O 7. Be2 b6 8. Nd2 c5 9. d5 Nbd7 10. f4 Nb8 11. f5 gxf5 12. Bxh5 Nbd7 13. Bxf7+ Rxf7 14. Ne6 Qe8 15. Nc7 Qf8 16. Ne6 fxe4 17. Nxf8 Rxf8 18. Qe2 Ne5 19. Nxe4 Bg4 20. Nxf6+ Rxf6 21. Qa6 c4 22. Be3 Raf8 23. Rd1 Bxd1 24. Kxd1 Ng4 25. Bd4 Rf2 26. Bxg7 Ne3+ 27. Kc1 Kxg7 28. Qxa7 Nxd5 29. Qb7 R8f5 30. Rd1 Rf1 31. Rxf1 Rxf1+ 32. Kd2 Rf5 33. Qc8 Rf2+ 34. Ke1 Rxb2 35. Qxc4 e6 36. Qg4+ Kf7 37. h5 Rb1+ 38. Kf2 Rf1+ 39. Kg3 Rf6 40. Kh2 Nxc3 41. Qb4 Nd5 42. Qxd6 Rf5 43. g4 Rf2+ 44. Kg3 Rxa2 45. g5 Ne7 46. Qxb6 Ra3+ 47. Kf2 Ra2+ 48. Kf3 Ra3+ 49. Ke2 Ra2+ 50. Kd3 Ra3+ 51. Kc2 Rc3+ 52. Kb2 Rg3 53. Qf2+ Nf5 54. Qf4 Rg2+ 55. Ka3 Rg3+ 56. Ka4 Rd3 57. Qc7+ Ne7 58. Qe5 Rf3 59. h6 Nf5 60. Qf6+ Kg8 61. Qxe6+ Kh7 62. Qf7+ Kh8 63. g6 Rf4+ 64. Ka5 1-0

[Event "4NCL Online Division 4"]
[Site "online"]
[Date "2021.04.20"]
[EventDate "2021.04.20"]
[Round "7.152"]
[White "Stoker, Andrew J"]
[WhiteElo "2019"]
[WhiteTeam "Manchester Manticores 1"]
[Black "Richardson, Kevin D"]
[BlackElo "2154"]
[BlackTeam "Farnham A"]
[Result "1-0"]
[PlyCount "61"]

1. d4 Nf6 2. Nc3 d5 3. e4 Nxe4 4. Nxe4 dxe4 5. Bc4 g6 6. f3 Bg7 7. c3 O-O 8. fxe4 e5 9. Nf3 Bg4 10. d5 Nd7 11. O-O Nc5 12. Qc2 Bxf3 13. Rxf3 Qh4 14. Be3 Nxe4 15. Rh3 Qg4 16. Be2 Qf5 17. Bd3 Qd7 18. Bxe4 f5 19. Bf3 e4 20. Be2 f4 21. Bc5 Rfe8 22. Qb3 f3 23. Bb5 Qf5 24. Bxe8 Rxe8 25. Rf1 Rd8 26. c4 Qg4 27. Rg3 Qh4 28. gxf3 Be5 29. Rg2 b6 30. Bf2 Qf4 31. Bg3 1-0

[Event "4NCL Online Division 4"]
[Site "online"]
[Date "2021.04.20"]
[EventDate "2021.04.20"]
[Round "7.153"]
[White "Warren, Alex M"]
[WhiteElo "2000"]
[WhiteTeam "Farnham A"]
[Black "Reed, John"]
[BlackElo "1885"]
[BlackTeam "Manchester Manticores 1"]
[Result "0-1"]
[PlyCount "112"]

1. Nf3 Nf6 2. c4 d6 3. d4 g6 4. g3 c6 5. Nc3 Bf5 6. Bg2 Bg7 7. h3 O-O 8. O-O Ne4 9. Qb3 Nxc3 10. bxc3 Qc7 11. Nd2 Na6 12. e4 Bd7 13. Rb1 Rab8 14. Qa3 e5 15. Nf3 f5 16. dxe5 dxe5 17. Be3 Be6 18. Nd2 f4 19. Bxa7 Ra8 20. Bb6 Qd7 21. Qb2 Bxh3 22. Nf3 Bxg2 23. Kxg2 Qd3 24. Rbd1 Qxe4 25. Rfe1 Qf5 26. Qb1 fxg3 27. Qxf5 Rxf5 28. fxg3 Raf8 29. Rd3 Re8 30. Re4 Bf8 31. Rd7 Bc5 32. Rxb7 Bxb6 33. Rxb6 Nc5 34. Re2 Na4 35. Rxc6 Nxc3 36. Rc2 Nd1 37. Re2 Nc3 38. Rb2 Ref8 39. Ne1 Ne4 40. Re6 Rg5 41. Rb3 Nc5 42. Reb6 Nxb3 43. axb3 Rgf5 44. Nd3 e4 45. Nf4 g5 46. Nd5 Rf2+ 47. Kh3 h5 48. Rg6+ Kh7 49. Rxg5 R2f5 50. Kh4 Kh6 51. Rxf5 Rxf5 52. b4 Rxd5 53. cxd5 e3 54. d6 e2 55. d7 e1=Q 56. d8=N Qh1# 0-1

[Event "4NCL Online Division 4"]
[Site "online"]
[Date "2021.04.20"]
[EventDate "2021.04.20"]
[Round "7.154"]
[White "Green, Tom D A"]
[WhiteElo "1868"]
[WhiteTeam "Manchester Manticores 1"]
[Black "Abhishek, Pradhan"]
[BlackElo "1860"]
[BlackTeam "Farnham A"]
[Result "1-0"]
[PlyCount "67"]

1. e4 e6 2. d4 d5 3. Nc3 Bb4 4. exd5 exd5 5. Bd3 Ne7 6. Nf3 Bf5 7. O-O Bxc3 8. bxc3 Bxd3 9. Qxd3 c6 10. Ba3 O-O 11. Rfe1 Re8 12. Qe3 Kf8 13. Ng5 h6 14. Nh7+ Kg8 15. Nf6+ gxf6 16. Bxe7 Qd7 17. Qg3+ Kh7 18. Bxf6 Rg8 19. Qd3+ Rg6 20. Re7 Qg4 21. g3 Nd7 22. f3 Qh5 23. Rxd7 Kg8 24. Be5 Qh3 25. Rxb7 h5 26. Rab1 Re8 27. Rb8 Re6 28. R1b7 f5 29. Qd2 Kf8 30. Bd6+ Rxd6 31. Rxe8+ Kxe8 32. Qe3+ Kd8 33. Qe7+ Kc8 34. Qc7# 1-0

[Event "4NCL Online Division 4"]
[Site "online"]
[Date "2021.04.20"]
[EventDate "2021.04.20"]
[Round "7.161"]
[White "Adaway, William"]
[WhiteElo "1899"]
[WhiteTeam "Wessex Some Stars D"]
[Black "Kruitbosch, Gijs"]
[BlackElo "1803"]
[BlackTeam "Wigston 2"]
[Result "1/2-1/2"]
[PlyCount "74"]

1. c4 Nf6 2. Nf3 g6 3. Nc3 Bg7 4. e4 d6 5. d4 O-O 6. Be2 e5 7. dxe5 dxe5 8. Qxd8 Rxd8 9. Bg5 Nc6 10. Nd5 Rxd5 11. cxd5 Nb4 12. Bxf6 Bxf6 13. O-O c6 14. a3 Nc2 15. Rac1 Nd4 16. Nxd4 exd4 17. dxc6 bxc6 18. Rxc6 Bg7 19. Bc4 Bd7 20. Rd6 Be8 21. f4 Bf8 22. Ra6 Bc5 23. Rd1 Rc8 24. b4 Bb6 25. Rxb6 axb6 26. Rxd4 b5 27. Be2 Kf8 28. Kf2 Ke7 29. Rd5 Rb8 30. Rc5 f6 31. Ke3 Rb7 32. Kd4 h6 33. e5 f5 34. Bf3 Rb6 35. Be2 Rb7 36. Rc8 Kd7 37. Rc5 Ke7 1/2-1/2

[Event "4NCL Online Division 4"]
[Site "online"]
[Date "2021.04.20"]
[EventDate "2021.04.20"]
[Round "7.162"]
[White "Corlett, Les"]
[WhiteElo "1675"]
[WhiteTeam "Wigston 2"]
[Black "Krawczuk, Michael J"]
[BlackElo "1877"]
[BlackTeam "Wessex Some Stars D"]
[Result "0-1"]
[PlyCount "74"]

1. e4 c5 2. Nf3 d6 3. Nc3 a6 4. d4 cxd4 5. Nxd4 Nf6 6. Bd3 e6 7. O-O Nbd7 8. Bg5 Qc7 9. Nf3 Be7 10. Qd2 O-O 11. h3 b5 12. a3 Bb7 13. Rfe1 Rac8 14. Rac1 Rfd8 15. h4 Ne5 16. Nxe5 dxe5 17. Qe2 h6 18. Bxf6 Bxf6 19. Qh5 Kh7 20. Ne2 Qe7 21. g3 g6 22. Qg4 Bg7 23. Qh3 b4 24. axb4 Qxb4 25. b3 Bxe4 26. Bxa6 Rxc2 27. Bc4 h5 28. Red1 Rxd1+ 29. Rxd1 Rd2 30. Rxd2 Qxd2 31. Qf1 Bf3 32. Nc1 Bh6 33. Nd3 Bg7 34. Qb1 e4 35. Nc5 e3 36. Nd3 Bd4 37. Qe1 exf2+ 0-1

[Event "4NCL Online Division 4"]
[Site "online"]
[Date "2021.04.20"]
[EventDate "2021.04.20"]
[Round "7.163"]
[White "Chilton, James I"]
[WhiteElo "1858"]
[WhiteTeam "Wessex Some Stars D"]
[Black "Pike, Andrew"]
[BlackElo "1640"]
[BlackTeam "Wigston 2"]
[Result "1/2-1/2"]
[PlyCount "189"]

1. e4 e5 2. Nf3 d6 3. d4 exd4 4. Nxd4 Nf6 5. Nc3 Be7 6. Be2 O-O 7. O-O Nbd7 8. Nf5 Nc5 9. Nxe7+ Qxe7 10. f3 h6 11. Be3 Bd7 12. b4 Na4 13. Nxa4 Bxa4 14. Qd4 Bd7 15. c4 b6 16. c5 dxc5 17. bxc5 Rad8 18. Qc3 Be6 19. Rfd1 Rxd1+ 20. Rxd1 Rd8 21. Rxd8+ Qxd8 22. Qa3 a5 23. cxb6 cxb6 24. Qb2 Nd7 25. Bd4 f6 26. Qc2 Ne5 27. Be3 Qd6 28. f4 Ng4 29. Bxg4 Bxg4 30. f5 Kh7 31. Qb1 a4 32. Bxb6 Be2 33. Bf2 Qd3 34. Qb4 Qd1+ 35. Qe1 Qxe1+ 36. Bxe1 Bd3 37. g4 Bxe4 38. Kf2 Bd5 39. a3 Kg8 40. Ke3 Kf7 41. Bb4 Bb3 42. Kf4 Bd5 43. h4 Bb3 44. g5 fxg5+ 45. hxg5 hxg5+ 46. Kxg5 Bc2 47. Bc3 g6 48. f6 Bb3 49. Bb4 Bc2 50. Be7 Bb3 51. Kh6 Ba2 52. Kg5 Bb3 53. Kf4 Ke6 54. Ke4 Kf7 55. Ke5 Ba2 56. Kd4 Bb3 57. Kc3 Ke6 58. Kb4 Kd7 59. Bc5 Ke6 60. Be7 g5 61. Bd8 g4 62. Kc3 g3 63. f7 Kxf7 64. Bb6 g2 65. Kd3 Ke6 66. Ke2 Kd6 67. Kf2 Bd5 68. Ba5 Kc6 69. Bb4 Kb5 70. Bf8 Kc4 71. Bb4 Kd4 72. Bd6 Ba8 73. Bc7 Kc5 74. Ba5 Kd6 75. Bc3 Ke6 76. Bd4 Kf5 77. Kg3 Ke4 78. Bb6 Kd3 79. Kf2 Bd5 80. Bc5 Kc4 81. Bd6 Kd4 82. Bc7 Be4 83. Bd6 Kd5 84. Bc7 Ke6 85. Bb6 Kf5 86. Kg3 Bc6 87. Bc5 Ke5 88. Bb6 Be4 89. Bc5 Kd5 90. Bb6 Kc4 91. Kf2 Kb5 92. Ba7 Kc4 93. Bb6 Kd5 94. Bc7 Kd4 95. Bd6 1/2-1/2

[Event "4NCL Online Division 4"]
[Site "online"]
[Date "2021.04.20"]
[EventDate "2021.04.20"]
[Round "7.164"]
[White "Mottram, Paul"]
[WhiteElo "1480"]
[WhiteTeam "Wigston 2"]
[Black "Ursell, Adam R"]
[BlackElo "1795"]
[BlackTeam "Wessex Some Stars D"]
[Result "0-1"]
[PlyCount "178"]

1. d4 d5 2. c4 e6 3. Nc3 Nf6 4. cxd5 exd5 5. Bg5 c6 6. e3 Be7 7. Bd3 O-O 8. Nf3 b6 9. Qc2 h6 10. Bh4 Ba6 11. Bxa6 Nxa6 12. a3 Nc7 13. O-O Nce8 14. Rac1 Rc8 15. Qa4 a5 16. Ne5 Qc7 17. Qd1 g5 18. Bg3 Nd6 19. Qf3 Qd8 20. Na4 Nc4 21. Nxc4 dxc4 22. Be5 Nd7 23. Bg3 Bf6 24. Qh5 Bg7 25. Nc3 Nf6 26. Qf3 Nd5 27. Ne2 b5 28. Nc3 f5 29. Qh5 Qe7 30. h4 f4 31. Nxd5 cxd5 32. exf4 gxf4 33. Bh2 Qd7 34. Rcd1 b4 35. axb4 axb4 36. Qf3 c3 37. bxc3 bxc3 38. Qd3 Qf5 39. Qxf5 Rxf5 40. Rd3 c2 41. Rc1 Kf7 42. Rd2 Ke6 43. Rcxc2 Rxc2 44. Rxc2 Bxd4 45. g3 fxg3 46. Bxg3 Rf7 47. Re2+ Kf5 48. Kf1 Rb7 49. Kg2 h5 50. Rd2 Ke4 51. Rc2 Rf7 52. Kf1 Kd3 53. Ra2 Bc3 54. Kg2 Rf5 55. f3 d4 56. Kf2 Rb5 57. Bf4 Rb1 58. Bg5 Bb2 59. f4 Bc1 60. f5 Be3+ 61. Kg2 Rg1+ 62. Kh3 Bf4 63. Bxf4 Rf1 64. Kg3 Ke4 65. Re2+ Kxf5 66. Bg5 Rg1+ 67. Kf2 Rb1 68. Rd2 Ke4 69. Ke2 Rh1 70. Bf6 d3+ 71. Kf2 Rh2+ 72. Ke1 Rh1+ 73. Kf2 Rh2+ 74. Ke1 Rh3 75. Rg2 Rh1+ 76. Kd2 Rb1 77. Kc3 Rc1+ 78. Kd2 Rc2+ 79. Kd1 Rxg2 80. Bg5 Kf3 81. Ke1 Re2+ 82. Kd1 Kg3 83. Kc1 Rh2 84. Bd2 Kxh4 85. Be1+ Kg4 86. Kd1 Kf3 87. Bd2 Rxd2+ 88. Kxd2 Kg2 89. Kxd3 h4 0-1

[Event "4NCL Online Div 4 Playoff"]
[Site "online"]
[Date "2021.05.04"]
[EventDate "2021.05.04"]
[Round "8.11"]
[White "Foister, Steven A M"]
[WhiteElo "2099"]
[WhiteTeam "Maidenhead 1"]
[Black "Rasalingam, Haran"]
[BlackElo "2087"]
[BlackTeam "Barnet Knights A"]
[Result "1-0"]
[PlyCount "69"]

1. e4 c5 2. Nf3 Nc6 3. Nc3 d6 4. Be2 g6 5. d3 Bg7 6. Bg5 Nf6 7. Qd2 h6 8. Bh4 Be6 9. O-O Qd7 10. a3 g5 11. Bg3 g4 12. Nh4 Nh5 13. Rab1 Bf6 14. Nd5 Bg5 15. Qc3 Nd4 16. Bd1 Bxd5 17. exd5 Nf4 18. Bxf4 Bxf4 19. b4 Be5 20. Qe1 Bf6 21. f4 O-O-O 22. bxc5 dxc5 23. c3 g3 24. hxg3 Bxh4 25. gxh4 Nf5 26. c4 Rhg8 27. Bf3 Nd4 28. Qf2 Qd6 29. Bh5 Rg7 30. Qe3 Rdg8 31. Rb2 Qf6 32. Qh3+ Kb8 33. Rfb1 b6 34. Qd7 Qf5 35. Rxb6+ 1-0

[Event "4NCL Online Div 4 Playoff"]
[Site "online"]
[Date "2021.05.04"]
[EventDate "2021.05.04"]
[Round "8.12"]
[White "Kesterson, Kennan"]
[WhiteElo "2006"]
[WhiteTeam "Barnet Knights A"]
[Black "Smith, Nigel D"]
[BlackElo "1884"]
[BlackTeam "Maidenhead 1"]
[Result "1-0"]
[PlyCount "102"]

1. e4 d6 2. d4 Nf6 3. Nc3 Nbd7 4. Be3 e5 5. Be2 c6 6. h3 b5 7. a3 a6 8. Nf3 Be7 9. O-O O-O 10. Qd2 Qc7 11. b4 Re8 12. Rab1 Bf8 13. a4 Bb7 14. d5 Rac8 15. Rb3 bxa4 16. Ra3 Nb6 17. Bxb6 Qxb6 18. Nxa4 Qa7 19. Nc3 Qb6 20. Na4 Qa7 21. Nc3 Qb6 22. Rb1 Ra8 23. Qd3 Rec8 24. Na4 Qc7 25. c4 Nd7 26. Qe3 c5 27. Rab3 Rcb8 28. bxc5 dxc5 29. Nd2 Bc8 30. Bg4 Rxb3 31. Nxb3 Rb8 32. Rc1 Rb4 33. Bxd7 Bxd7 34. Naxc5 Bxc5 35. Qxc5 Qb8 36. Na5 Rb1 37. Qe3 h6 38. Rxb1 Qxb1+ 39. Kh2 f5 40. f3 f4 41. Qd2 Qb6 42. Qa2 Qg6 43. Qf2 Qf6 44. c5 Qd8 45. Nc4 Bb5 46. Nxe5 a5 47. Qb2 Qg5 48. Qxb5 Qg3+ 49. Kg1 Qe1+ 50. Qf1 Qe3+ 51. Kh2 Qxf3 1-0

[Event "4NCL Online Div 4 Playoff"]
[Site "online"]
[Date "2021.05.04"]
[EventDate "2021.05.04"]
[Round "8.13"]
[White "Iyengar, Srihari R"]
[WhiteElo "1873"]
[WhiteTeam "Maidenhead 1"]
[Black "Covey, Jason"]
[BlackElo "1981"]
[BlackTeam "Barnet Knights A"]
[Result "0-1"]
[PlyCount "196"]

1. d4 e6 2. Nf3 Nf6 3. Bg5 b6 4. e4 Be7 5. Nbd2 Bb7 6. Bd3 h6 7. Bh4 d6 8. c3 Nbd7 9. O-O O-O 10. h3 Re8 11. Bg3 Bf8 12. e5 dxe5 13. Nxe5 Nxe5 14. Bxe5 c5 15. Rc1 cxd4 16. cxd4 Nd7 17. Bg3 Rc8 18. Rxc8 Qxc8 19. Nc4 Qc6 20. f3 Nf6 21. Ne5 Qc8 22. Bb1 Rd8 23. Bf2 Bd6 24. Ng4 Nxg4 25. hxg4 Bb8 26. Qc2 g6 27. Be3 Kh7 28. Qxc8 Rxc8 29. Bd3 Bd5 30. a3 Bd6 31. Kf2 Rc7 32. Rh1 Bf8 33. Bxh6 Bxh6 34. g5 Bc4 35. Ke3 Bxd3 36. Kxd3 Kg7 37. gxh6+ Kh7 38. g4 g5 39. Rh2 Rc1 40. Ke4 Re1+ 41. Kd3 Rd1+ 42. Ke3 Re1+ 43. Kd2 Rf1 44. Rh3 Rf2+ 45. Kc3 Rf1 46. Kb4 Rd1 47. Kc3 Rc1+ 48. Kd2 Rb1 49. Kc2 Rf1 50. a4 Rf2+ 51. Kc3 Rf1 52. Kc4 Rc1+ 53. Kb5 Rb1 54. Ka6 Rxb2 55. Kxa7 Rb4 56. Ka6 Rxa4+ 57. Kxb6 Rxd4 58. Kc5 Rd8 59. Rh5 Kg6 60. Rh2 Rh8 61. Kd4 Rxh6 62. Re2 Rh3 63. Rf2 Kf6 64. Ke4 Rh1 65. f4 Re1+ 66. Kf3 gxf4 67. Kxf4 Kg6 68. Rf3 f6 69. Rh3 Rf1+ 70. Kg3 Rg1+ 71. Kf3 Ra1 72. Rh8 Kg7 73. Re8 e5 74. Ke4 Ra4+ 75. Kf3 Kf7 76. Rb8 Rf4+ 77. Kg3 Ke6 78. Rb6+ Kf7 79. Rb8 Rc4 80. Rb7+ Kg6 81. Rb8 Kf7 82. Rb7+ Ke6 83. Rb6+ Ke7 84. Rb7+ Kd6 85. Rb6+ Rc6 86. Rb8 Ke6 87. Kf3 Rc3+ 88. Ke4 Rc4+ 89. Kf3 Rf4+ 90. Kg3 Rd4 91. Kf3 Kd5 92. Rd8+ Kc4 93. Rf8 Rf4+ 94. Ke3 Kd5 95. Rg8 Ke6 96. g5 Rg4 97. g6 Kf5 98. g7 Kg6 0-1

[Event "4NCL Online Div 4 Playoff"]
[Site "online"]
[Date "2021.05.04"]
[EventDate "2021.05.04"]
[Round "8.14"]
[White "Eedle, Eric F"]
[WhiteElo "1825"]
[WhiteTeam "Barnet Knights A"]
[Black "Janota, Paul S"]
[BlackElo "1795"]
[BlackTeam "Maidenhead 1"]
[Result "1/2-1/2"]
[PlyCount "54"]

1. d4 d5 2. c4 e6 3. Nc3 c5 4. cxd5 cxd4 5. Qa4+ Bd7 6. Qxd4 exd5 7. Qxd5 Nc6 8. Nf3 Nf6 9. Qd1 Bc5 10. Bg5 Qb6 11. e3 Qxb2 12. Rc1 Bb4 13. Bxf6 gxf6 14. Qc2 Qxc2 15. Rxc2 Ne5 16. Nd4 Rc8 17. Kd2 O-O 18. Be2 Ba4 19. Rcc1 Rfd8 20. Rhe1 Nc6 21. Kd3 Nxd4 22. exd4 Bxc3 23. Rxc3 Bb5+ 24. Kc2 Ba4+ 25. Kb2 Rxc3 26. Kxc3 Rc8+ 27. Kb4 Bd7 1/2-1/2